000
00369nam a2200133Ia 4500
008
151001s9999||||xx |||||||||||||| ||und||
100
_a
दयानंद बहोटी
245
_a
साहित्य और सामाजिक क्रांती
250
_a
2
260
_b
आतिश
260
_c
2001
300
_a
80
365
_b
21
999
_c
977908
_d
977905